000 00709nam a2200289Ia 4500
005 20260324122316.0
008 008 260324s9999 xx 000 0 eng d
020 _a9781315097220
037 _aEBOOK
040 _aCRL
040 _beng
040 _cCRL
041 _2eng
041 _aeng
084 _qCRL
100 _aAlex Bayliss
_91165948
245 0 _aAnglo-Saxon Graves and Grave Goods of the 6th and 7th Centuries AD
245 2 _bA Chronological Framework
260 _bTaylor and Francis
260 _c2013
365 _a
365 _b230
856 _uhttp://www.taylorfrancis.com/books/9781315097220
942 _cEBOOK
999 _c1758576
_d1758576